Convenio de Cooperación Financiera entre el gobierno de la República de Guatemala y el gobierno de la República Federal de Alemania (suscrito el 27 de marzo de 1987) /
Gardado en:
| Autor Corporativo: | |
|---|---|
| Formato: | Texto |
| Idioma: | Spanish |
| Etiquetas: |
Engadir etiqueta
Sen Etiquetas, Sexa o primeiro en etiquetar este rexistro!
|
MARC
| LEADER | 00000 a a2200000 04500 | ||
|---|---|---|---|
| 001 | 47803 | ||
| 003 | cru IIS | ||
| 005 | 20210920125130.0 | ||
| 008 | 210920b |||||||| |||| 00| 0 spa d | ||
| 040 | |c cru IIS | ||
| 110 | |a INCEP | ||
| 245 | |a Convenio de Cooperación Financiera entre el gobierno de la República de Guatemala y el gobierno de la República Federal de Alemania (suscrito el 27 de marzo de 1987) / |c INCEP | ||
| 500 | |a Colección Centroamérica | ||
| 773 | |g número1, (Especial, 1987), páginas2932 | ||
| 773 | 0 | |0 43286 |9 6037 |a Instituto Centroamericano de Estudios Políticos |d Guatemala: Instituto Centroamericano de Estudios Políticos, 1986- |o 17205 |t Panorama Centroamericano: | |
| 942 | |2 ddc |c PP | ||
| 999 | |c 23354 |d 23354 | ||
